| 000 | 00428nam a22001457a 4500 | ||
|---|---|---|---|
| 020 | _a9789400702561 | ||
| 040 | _cNUST | ||
| 082 |
_a004.21 _bMAR |
||
| 100 |
_aMarwedel, Peter _961206 |
||
| 245 |
_aEmbedded System Design: _bEmbedded Systems Foundations of Cyber-Physical Systems |
||
| 250 | _a2nd Edition | ||
| 260 |
_aLondon: _bSpringer Science+Business, _c2011. |
||
| 650 |
_aEmbedded System Design _962504 |
||
| 942 |
_2ddc _cBK |
||
| 999 |
_c609379 _d609379 |
||